• 首页
  • 本馆介绍
  • 公告通知
  • 最新文献
  • 馆藏检索
  • 电子资源
  • 读者导购
  • 参考咨询
  • 我的图书馆
  • 登录
  • 详细信息显示
  • 放入我的书架
  • 预约/预借图书
  • 作者相关作品
  • 分类相关作品
  • 丛书相关作品
  • 出版社相关作品

书目信息

  • 表格格式
  • 工作单格式
  • 卡片格式
书名: THE MIDDLE EAST
作者: Dr. William Spencer.
分册号:
分册名:
出版地: DUBUQUE :
 
出版社: McGraw-Hill/Dushkin
出版时间: 2004.
页数: 261 p. ;
开本: 26cm.
丛书名:
中图分类号:
科图分类号:
其他分类号: K37
主题词:
电子资源:
000 00442nam 2200169 a 4500
001 E0729792969
005 20070317082813.87
008 070317s2004 00010 eng
020    @a0-07-286159-2 :@cUSD.
040    @aPFT@beng
090    @aK37
099    @dK37@ex1
245 1  @aTHE MIDDLE EAST / @cDr. William Spencer.
250    @a10th ed.
260    @aDUBUQUE :@bMcGraw-Hill/Dushkin,@c2004.
300    @a261 p. ;@c26cm.
700    @aSpencer, William
    
    THE MIDDLE EAST / / Dr. William Spencer.-10th ed.-DUBUQUE : : McGraw-Hill/Dushkin, , 2004.
    261 p. ; ; 26cm.
    
    
    ISBN 0-07-286159-2 :USD.
    
●
相关链接 在E读中查询图书 在五车中查询图书 在当当中查询图书 在豆瓣中查询图书


正题名:THE MIDDLE EAST     索取号:K37/x1         预约/预借

序号 登录号 条形码 馆藏地/架位号 状态 备注
1 0002381   300023819   第二样本阅览室/ [索取号:K37/x1] 在馆    
2 0002382   300023828   第四借阅区/ [索取号:K37/x1] 在馆    
3 0002383   300023837   第四借阅区/ [索取号:K37/x1] 在馆    
唐山师范学院图书馆 欢迎您!
大连网信软件有限公司© 版权所有